[Event "Copa Latina 2015"]
[Site "Vicente Lopez ARG"]
[Date "2015.03.24"]
[Round "8.8"]
[White "Quintiliano Pinto, Renato R"]
[Black "Perez Ponsa, Federico"]
[Result "1/2-1/2"]
[WhiteElo "2403"]
[BlackElo "2540"]
[PlyCount "175"]
[EventDate "2015.03.19"]
[EventType "swiss"]
[EventRounds "9"]
[EventCountry "ARG"]
[Source "lmi"]
[SourceDate "2015.03.19"]

1. d4 Nf6 2. c4 g6 3. Nc3 Bg7 4. e4 d6 5. Nf3 O-O 6. Be2 e5 7. O-O c6 8. Be3
exd4 9. Bxd4 Re8 10. Qc2 Qe7 11. Rad1 Nbd7 12. Nd2 b6 13. Rfe1 Bb7 14. Bf1 Nc5
15. f3 Rad8 16. Bf2 Nfd7 17. Nb3 Ne6 18. Nd4 Ne5 19. b3 h5 20. Kh1 h4 21. Nxe6
fxe6 22. h3 g5 23. Ne2 Ng6 24. Be3 e5 25. Qd2 Bf6 26. b4 Kg7 27. Nc3 Nf4 28.
Bxf4 exf4 29. b5 Qe5 30. Rc1 Rc8 31. a4 a6 32. bxc6 Bxc6 33. Nd5 Qd4 34. Qa2
Qb2 35. Qxb2 Bxb2 36. Rb1 Bd4 37. Nxb6 Rb8 38. Nd5 Rxb1 39. Rxb1 a5 40. Nc7 Re7
41. Nb5 Bc5 42. Rd1 Kf6 43. Bd3 Ke5 44. Bf1 Rb7 45. Be2 Rb8 46. Bf1 Rc8 47. Rc1
Be3 48. Rb1 Rb8 49. Rd1 Bc5 50. Rc1 Kf6 51. Be2 Ke7 52. Rd1 Be8 53. Bf1 Rc8 54.
Rb1 Rb8 55. Rc1 Bf7 56. Rc2 Rc8 57. Be2 Be6 58. Bf1 Be3 59. Rc3 Bf7 60. Be2 Rc6
61. Rc2 Kd7 62. Bd3 Be6 63. Kh2 Rc8 64. Be2 Rb8 65. Rb2 Rb6 66. Rb3 Kc6 67. Kh1
Kd7 68. Kh2 Rc6 69. Rc3 Bc5 70. Rc2 Ke7 71. Bd3 Kf6 72. Kh1 Ke5 73. Kh2 Rc8 74.
Kh1 Bd7 75. Kh2 Bb6 76. Kh1 Rc5 77. Rb2 Rc6 78. Rc2 Be8 79. Kh2 Bd7 80. Kh1 Rc5
81. Rb2 Rc8 82. Rc2 Bxb5 83. cxb5 Rc5 84. Rc4 Ba7 85. Kh2 Rxc4 86. Bxc4 Kd4 87.
b6 Bxb6 88. Bb5 1/2-1/2

[Event "Copa Latina 2015"]
[Site "Vicente Lopez ARG"]
[Date "2015.03.24"]
[Round "8.9"]
[White "Pierrot, Facundo"]
[Black "Dos Santos, Ramiro"]
[Result "0-1"]
[WhiteElo "2380"]
[BlackElo "2431"]
[PlyCount "136"]
[EventDate "2015.03.19"]
[EventType "swiss"]
[EventRounds "9"]
[EventCountry "ARG"]
[Source "lmi"]
[SourceDate "2015.03.19"]

1. e4 e5 2. Nf3 Nc6 3. Bb5 g6 4. d4 exd4 5. Bg5 Be7 6. Bxe7 Qxe7 7. Bxc6 dxc6
8. Qxd4 Nf6 9. Nc3 Bg4 10. Nd2 O-O 11. h3 Rad8 12. Qe3 Be6 13. O-O b6 14. Rad1
c5 15. Nf3 Bc4 16. Rfe1 Rfe8 17. Rxd8 Rxd8 18. Qh6 Nh5 19. e5 Qf8 20. Qe3 Bd5
21. Ng5 Qe7 22. f4 h6 23. Nxd5 Rxd5 24. Ne4 Qh4 25. Rf1 Rd4 26. c3 Rd8 27. Kh2
c4 28. Qf2 Qxf2 29. Rxf2 f5 30. exf6 Kf7 31. Nd2 b5 32. Nf3 Kxf6 33. Nd4 a6 34.
g4 Ng7 35. g5+ hxg5 36. fxg5+ Kxg5 37. Nc6 Rd1 38. Ne5 Nf5 39. Rg2+ Kf6 40.
Ng4+ Ke6 41. Re2+ Kd6 42. Ne5 Ne7 43. Nf7+ Kd7 44. Ne5+ Kc8 45. Kg3 c5 46. a4
Rb1 47. axb5 axb5 48. Kf3 Rh1 49. Kg2 Rd1 50. Kg3 Nd5 51. Nxg6 Rg1+ 52. Rg2
Rxg2+ 53. Kxg2 Nxc3 54. Kf3 Nd5 55. h4 Nf6 56. Nf4 b4 57. Ke3 Kd7 58. h5 Kd6
59. Kd2 Ke5 60. Ng6+ Kf5 61. Nh4+ Kg5 62. Ng2 Nd5 63. Ne1 Kxh5 64. Nf3 Nb6 65.
Ke3 Na4 66. Ne5 Nxb2 67. Kd2 Kg5 68. Kc2 Kf5 0-1

[Event "Copa Latina 2015"]
[Site "Vicente Lopez ARG"]
[Date "2015.03.24"]
[Round "8.10"]
[White "Molina, Roberto Junio Brito"]
[Black "Della Morte, German"]
[Result "1-0"]
[WhiteElo "2431"]
[BlackElo "2401"]
[PlyCount "116"]
[EventDate "2015.03.19"]
[EventType "swiss"]
[EventRounds "9"]
[EventCountry "ARG"]
[Source "lmi"]
[SourceDate "2015.03.19"]

1. d4 d5 2. c4 c6 3. Nf3 Nf6 4. Nc3 e6 5. Bg5 Nbd7 6. e3 Qa5 7. Nd2 Bb4 8. Bxf6
Nxf6 9. Qc2 dxc4 10. Nxc4 Qd5 11. O-O-O Bxc3 12. Qxc3 O-O 13. f3 c5 14. e4 cxd4
15. Qxd4 Qxd4 16. Rxd4 Bd7 17. Nd6 e5 18. Rd2 Be6 19. b3 b6 20. Bb5 Rad8 21.
Rhd1 h5 22. h4 g6 23. Kb2 Rb8 24. a4 Rfd8 25. Bc4 Bxc4 26. Nxc4 Re8 27. Ka3 Kg7
28. Kb4 Re7 29. Rd8 Rbb7 30. Rc8 a6 31. Rdd8 Nd7 32. Rg8+ Kh7 33. Nd6 Ra7 34.
Rh8+ Kg7 35. Rcg8+ Kf6 36. Nc8 Nc5 37. Nxa7 Rxa7 38. Rb8 Nd3+ 39. Kc3 Ne1 40.
Rxb6+ Kg7 41. Re8 Nxg2 42. Rxe5 Nxh4 43. f4 Ng2 44. f5 g5 45. f6+ Kg6 46. Rb8
Rc7+ 47. Kb2 Ne1 48. Rg8+ Kxf6 49. Rexg5 Nd3+ 50. Ka3 Rc1 51. Rg1 Rc5 52. Rf1+
Ke7 53. Ra8 a5 54. Ra7+ Ke6 55. Raxf7 Rc2 56. R7f5 h4 57. Rxa5 Re2 58. Rh5 Kd7
1-0

[Event "Copa Latina 2015"]
[Site "Vicente Lopez ARG"]
[Date "2015.03.25"]
[Round "9.1"]
[White "Felgaer, Ruben"]
[Black "Cori, Jorge"]
[Result "1/2-1/2"]
[WhiteElo "2580"]
[BlackElo "2596"]
[PlyCount "168"]
[EventDate "2015.03.19"]
[EventType "swiss"]
[EventRounds "9"]
[EventCountry "ARG"]
[Source "lmi"]
[SourceDate "2015.03.19"]

1. e4 c5 2. Nf3 Nc6 3. Nc3 g6 4. d4 cxd4 5. Nxd4 Bg7 6. Nde2 Nf6 7. g3 d6 8.
Bg2 Bd7 9. h3 O-O 10. O-O Rc8 11. a4 a6 12. Nd5 b5 13. axb5 axb5 14. Bg5 Nxd5
15. exd5 Ne5 16. Ra2 Ra8 17. Rxa8 Qxa8 18. Nd4 Re8 19. b3 Qc8 20. Kh2 Qc3 21.
Ne2 Nf3+ 22. Kh1 Qe5 23. Be3 Qf6 24. Nf4 Nd4 25. c3 Nf5 26. Bd2 h5 27. Qa1 Bh6
28. Qa7 Bc8 29. Qb6 Rf8 30. Qxb5 Bxf4 31. gxf4 Nh4 32. Qd3 Nxg2 33. Kxg2 e6 34.
Kh2 exd5 35. Be3 Qh4 36. Bd4 Qxf4+ 37. Qg3 Qf5 38. Re1 Be6 39. Re3 Kh7 40. Rf3
Qe4 41. Rf4 Qe2 42. Rf3 Qe4 43. Rf4 Qe2 44. Qh4 g5 45. Qg3 Rg8 46. Qf3 Qxf3 47.
Rxf3 g4 48. hxg4 hxg4 49. Re3 Kg6 50. b4 Ra8 51. Re1 Ra2 52. b5 Rb2 53. b6 Kf5
54. Kg3 Rb3 55. Ra1 Ke4 56. Re1+ Kf5 57. Ra1 Ke4 58. Kh4 Kf4 59. Kh5 Bf5 60.
Kh6 Bd3 61. Kg7 f5 62. Kf6 g3 63. fxg3+ Kxg3 64. Ke6 f4 65. Kxd6 f3 66. Rg1+
Kf4 67. Rc1 Kg3 68. Rg1+ Kf4 69. Rg8 Bf5 70. Rf8 Ke4 71. Rf7 Bc8 72. Rc7 Ba6
73. Re7+ Kf4 74. Kxd5 Rb5+ 75. Kc6 Rb3 76. Kc7 Kg3 77. Rg7+ Kh2 78. Rf7 Kg2 79.
Rg7+ Kh3 80. Kb8 Rxc3 81. Bxc3 f2 82. Rf7 f1=Q 83. Rxf1 Bxf1 84. Kc7 Bg2
1/2-1/2

[Event "Copa Latina 2015"]
[Site "Vicente Lopez ARG"]
[Date "2015.03.25"]
[Round "9.2"]
[White "Bachmann, Axel"]
[Black "Barbosa, Evandro Amorim"]
[Result "1-0"]
[WhiteElo "2614"]
[BlackElo "2439"]
[PlyCount "63"]
[EventDate "2015.03.19"]
[EventType "swiss"]
[EventRounds "9"]
[EventCountry "ARG"]
[Source "lmi"]
[SourceDate "2015.03.19"]

1. d4 Nf6 2. Nf3 g6 3. g3 Bg7 4. Bg2 d5 5. O-O O-O 6. c4 dxc4 7. Na3 c3 8. bxc3
c5 9. Qb3 Nc6 10. Rd1 Na5 11. Qb2 Qb6 12. Ne5 Nd7 13. Nec4 Nxc4 14. Nxc4 Qa6
15. Ne3 Nb6 16. a4 cxd4 17. cxd4 Nc4 18. Qb5 Qxb5 19. axb5 Nd6 20. b6 a6 21.
Nd5 e6 22. Ne7+ Kh8 23. Ba3 Rd8 24. Rac1 Nb5 25. Nxc8 Raxc8 26. Be7 Rxc1 27.
Rxc1 Rb8 28. e3 Kg8 29. Bxb7 Bxd4 30. Bxa6 Bb2 31. Rc2 Ba3 32. Bxa3 1-0

[Event "Copa Latina 2015"]
[Site "Vicente Lopez ARG"]
[Date "2015.03.25"]
[Round "9.3"]
[White "Pichot, Alan"]
[Black "Morovic Fernandez, Ivan"]
[Result "1/2-1/2"]
[WhiteElo "2482"]
[BlackElo "2568"]
[PlyCount "54"]
[EventDate "2015.03.19"]
[EventType "swiss"]
[EventRounds "9"]
[EventCountry "ARG"]
[Source "lmi"]
[SourceDate "2015.03.19"]

1. e4 e5 2. Nf3 Nc6 3. Bb5 a6 4. Ba4 Nf6 5. O-O Be7 6. Re1 b5 7. Bb3 d6 8. c3
O-O 9. h3 Na5 10. Bc2 c5 11. d4 Nd7 12. Nbd2 exd4 13. cxd4 Nc6 14. d5 Nce5 15.
a4 Rb8 16. Ra3 Bf6 17. axb5 axb5 18. Nxe5 Nxe5 19. f4 Ng6 20. Nf3 b4 21. Ra1
Bh4 22. Nxh4 Qxh4 23. Rf1 Bxh3 24. gxh3 Qg3+ 25. Kh1 Qxh3+ 26. Kg1 Qg3+ 27. Kh1
Qh3+ 1/2-1/2

[Event "Copa Latina 2015"]
[Site "Vicente Lopez ARG"]
[Date "2015.03.25"]
[Round "9.4"]
[White "Hernandez Guerrero, Gilberto"]
[Black "Molina, Roberto Junio Brito"]
[Result "0-1"]
[WhiteElo "2517"]
[BlackElo "2431"]
[PlyCount "46"]
[EventDate "2015.03.19"]
[EventType "swiss"]
[EventRounds "9"]
[EventCountry "ARG"]
[Source "lmi"]
[SourceDate "2015.03.19"]

1. e4 c5 2. Nf3 e6 3. b3 Nf6 4. e5 Nd5 5. Bb2 Be7 6. c4 Nc7 7. Nc3 d6 8. exd6
Bxd6 9. Ne4 O-O 10. d4 cxd4 11. Nxd6 Qxd6 12. Qxd4 Qxd4 13. Nxd4 e5 14. Nc2 Nc6
15. O-O-O Bf5 16. Ne3 Bg6 17. h4 h6 18. h5 Bh7 19. Be2 Ne6 20. Ba3 Rfd8 21.
Rxd8+ Rxd8 22. Nd5 Be4 23. Nc3 Bxg2 0-1

[Event "Copa Latina 2015"]
[Site "Vicente Lopez ARG"]
[Date "2015.03.25"]
[Round "9.5"]
[White "Villanueva, Mario"]
[Black "Real De Azua, Ernesto"]
[Result "1/2-1/2"]
[WhiteElo "2430"]
[BlackElo "2435"]
[PlyCount "70"]
[EventDate "2015.03.19"]
[EventType "swiss"]
[EventRounds "9"]
[EventCountry "ARG"]
[Source "lmi"]
[SourceDate "2015.03.19"]

1. e4 c5 2. Nf3 e6 3. d4 cxd4 4. Nxd4 a6 5. Nc3 Qc7 6. Qf3 Nc6 7. Be3 Nxd4 8.
Bxd4 Ne7 9. Qe3 b5 10. O-O-O Rb8 11. Kb1 d6 12. Qg3 b4 13. Ne2 e5 14. Be3 f5
15. f4 fxe4 16. fxe5 Nf5 17. Qf2 dxe5 18. Ng3 Nxe3 19. Qxe3 Bc5 20. Qxe4 O-O
21. Bd3 g6 22. Rhf1 Bb7 23. Qc4+ Kh8 24. Be4 Rf4 25. Qe6 Qe7 26. Qxe7 Bxe7 27.
Bxb7 Rxb7 28. Rfe1 Bh4 29. Re2 Bxg3 30. hxg3 Rf5 31. a3 bxa3 32. b3 Kg7 33. Rd6
a5 34. Ka2 Rg5 35. Re3 a4 1/2-1/2

[Event "Copa Latina 2015"]
[Site "Vicente Lopez ARG"]
[Date "2015.03.25"]
[Round "9.6"]
[White "Dos Santos, Ramiro"]
[Black "Rios, Cristhian Camilo"]
[Result "0-1"]
[WhiteElo "2431"]
[BlackElo "2415"]
[PlyCount "86"]
[EventDate "2015.03.19"]
[EventType "swiss"]
[EventRounds "9"]
[EventCountry "ARG"]
[Source "lmi"]
[SourceDate "2015.03.19"]

1. d4 Nf6 2. Nf3 g6 3. Bf4 d6 4. c3 Bg7 5. h3 O-O 6. Nbd2 Nfd7 7. e3 e5 8. Bh2
f5 9. b4 Qe7 10. Nc4 e4 11. Nfd2 Nf6 12. Be2 Nd5 13. Qc2 Be6 14. O-O Nd7 15.
Na5 f4 16. exf4 e3 17. Nf3 exf2+ 18. Rxf2 Nxf4 19. Bf1 Bd5 20. Re1 Qf6 21. Bxf4
Qxf4 22. Re7 Qg3 23. Bc4 Nb6 24. Bxd5+ Nxd5 25. Qb3 c6 26. Re4 h5 27. b5 Kh8
28. bxc6 bxc6 29. Nxc6 Nf4 30. Rxf4 Qxf4 31. Re2 Rae8 32. Ne7 Qg3 33. Qd5 Bf6
34. Nf5 gxf5 35. Rxe8 Rxe8 36. Qf7 Re2 37. Qxf6+ Kg8 38. Qd8+ Kg7 39. Qd7+ Kg6
40. Nh4+ Qxh4 41. Qxd6+ Qf6 42. Qg3+ Qg5 43. Qd6+ Kh7 0-1

[Event "Copa Latina 2015"]
[Site "Vicente Lopez ARG"]
[Date "2015.03.25"]
[Round "9.7"]
[White "Flores, Diego"]
[Black "Quintiliano Pinto, Renato R"]
[Result "1-0"]
[WhiteElo "2569"]
[BlackElo "2403"]
[PlyCount "67"]
[EventDate "2015.03.19"]
[EventType "swiss"]
[EventRounds "9"]
[EventCountry "ARG"]
[Source "lmi"]
[SourceDate "2015.03.19"]

1. g3 d5 2. Bg2 Nf6 3. Nf3 e6 4. O-O Be7 5. d3 O-O 6. Nbd2 c5 7. e4 Nc6 8. Re1
Qc7 9. Qe2 b5 10. e5 Nd7 11. h4 b4 12. Nf1 Ba6 13. Bf4 Qb6 14. Ne3 Rac8 15. Bh3
Qb7 16. Qd2 Nd4 17. Nxd4 cxd4 18. Ng4 b3 19. axb3 Bb4 20. Qe2 Bxe1 21. Rxe1 Rc6
22. Qd2 Kh8 23. h5 f5 24. exf6 gxf6 25. Nh6 e5 26. Bxd7 Qxd7 27. Rxe5 fxe5 28.
Bxe5+ Rcf6 29. Qb4 Qg7 30. Ng4 Kg8 31. Qxd4 R6f7 32. Bxg7 Rxg7 33. Nh6+ Kh8 34.
Nf5 1-0

[Event "Copa Latina 2015"]
[Site "Vicente Lopez ARG"]
[Date "2015.03.25"]
[Round "9.8"]
[White "Mekhitarian, Krikor Sevag"]
[Black "Paveto, Kevin"]
[Result "1-0"]
[WhiteElo "2556"]
[BlackElo "2397"]
[PlyCount "269"]
[EventDate "2015.03.19"]
[EventType "swiss"]
[EventRounds "9"]
[EventCountry "ARG"]
[Source "lmi"]
[SourceDate "2015.03.19"]

1. Nf3 Nf6 2. c4 g6 3. Nc3 d5 4. cxd5 Nxd5 5. Qb3 Nb6 6. d4 Be6 7. Qc2 Nc6 8.
e4 Bg7 9. d5 Nb4 10. Qb3 N4xd5 11. exd5 Bxd5 12. Nxd5 Qxd5 13. Qxd5 Nxd5 14.
Bc4 c6 15. Ke2 O-O 16. Rd1 e6 17. Rb1 Rad8 18. Be3 Nxe3 19. fxe3 Rxd1 20. Kxd1
Rd8+ 21. Ke2 Kf8 22. a4 Ke7 23. g4 h6 24. b3 Bc3 25. Rc1 Bb4 26. h3 Ba3 27. Rf1
Bb2 28. Nd2 Bc3 29. Bd3 Bb4 30. Nf3 Rd5 31. e4 Rc5 32. h4 Ba3 33. Bc4 Ra5 34.
Rd1 Bb4 35. Rh1 Bc3 36. Bd3 Rc5 37. Rc1 Bb4 38. Rxc5 Bxc5 39. e5 Bb4 40. Ke3
Bc3 41. Ke4 Kf8 42. Ng1 Ke7 43. h5 gxh5 44. gxh5 Bd2 45. Ne2 Kd7 46. Nd4 Kc7
47. Nf3 Bb4 48. Kd4 Kd7 49. Nh2 Bd2 50. Ng4 Ke7 51. Be2 Kd7 52. Bd1 Ke7 53. Bc2
Bc1 54. Kc4 Bd2 55. Bh7 Bf4 56. b4 Kd8 57. b5 cxb5+ 58. Kxb5 Kd7 59. Kc4 Bd2
60. Nf2 a6 61. Be4 b5+ 62. axb5 axb5+ 63. Kxb5 Ke7 64. Ng4 Kf8 65. Bc2 Kg7 66.
Kc4 Bg5 67. Kd3 f6 68. exf6+ Bxf6 69. Bb3 Bg5 70. Bxe6 Bc1 71. Ke4 Bg5 72. Kf5
Bh4 73. Bc4 Bg5 74. Nf2 Bd8 75. Ne4 Be7 76. Ke6 Bg5 77. Nd6 Kf8 78. Kf5 Kg7 79.
Nb5 Bc1 80. Nc7 Bd2 81. Bb3 Bc1 82. Ne6+ Kf7 83. Ba2 Bd2 84. Bd5 Bc1 85. Nd4+
Kg7 86. Ke6 Bg5 87. Nf5+ Kf8 88. Bc6 Kg8 89. Be8 Kh7 90. Kf7 Bd2 91. Bb5 Bg5
92. Bd3 Bd2 93. Nd6+ Kh8 94. Kg6 Bf4 95. Nf7+ Kg8 96. Bc4 Kf8 97. Nxh6 Be5 98.
Nf5 Bc3 99. h6 Bd2 100. h7 Bc3 101. Bd5 Bb2 102. Bb3 Bc3 103. Ba2 Bb2 104. Nh6
Bc3 105. Bb3 Bb2 106. Bc4 Bc3 107. Bd5 Bb2 108. Nf7 Bc3 109. Bc4 Bb2 110. Bb3
Bc3 111. h8=Q+ Bxh8 112. Nxh8 Ke7 113. Nf7 Kd7 114. Kf6 Kc6 115. Ke5 Kd7 116.
Ba4+ Ke7 117. Ng5 Kf8 118. Kf6 Kg8 119. Nf7 Kf8 120. Bc2 Kg8 121. Bd3 Kf8 122.
Bh7 Ke8 123. Ne5 Kf8 124. Nd7+ Ke8 125. Ke6 Kd8 126. Kd6 Kc8 127. Nc5 Kd8 128.
Bg6 Kc8 129. Bf7 Kd8 130. Nb7+ Kc8 131. Kc6 Kb8 132. Kb6 Kc8 133. Be6+ Kb8 134.
Nc5 Ka8 135. Bf5 1-0

[Event "Copa Latina 2015"]
[Site "Vicente Lopez ARG"]
[Date "2015.03.25"]
[Round "9.9"]
[White "Perez Ponsa, Federico"]
[Black "Muniz, Rafael"]
[Result "1-0"]
[WhiteElo "2540"]
[BlackElo "2268"]
[PlyCount "73"]
[EventDate "2015.03.19"]
[EventType "swiss"]
[EventRounds "9"]
[EventCountry "ARG"]
[Source "lmi"]
[SourceDate "2015.03.19"]

1. e4 c5 2. Nf3 d6 3. d4 cxd4 4. Nxd4 Nf6 5. Nc3 a6 6. h3 e5 7. Nde2 h5 8. g3
Be6 9. Bg2 Be7 10. a4 Nbd7 11. O-O b5 12. axb5 axb5 13. Rxa8 Qxa8 14. Nxb5 Qb8
15. Nbc3 O-O 16. b3 Rc8 17. f4 Nc5 18. Be3 Qb4 19. Qd2 Qb7 20. f5 Bd7 21. Nd5
Bb5 22. Nxe7+ Qxe7 23. Bxc5 Bxe2 24. Bxd6 Qa7+ 25. Rf2 Rd8 26. c4 h4 27. g4
Bxg4 28. hxg4 Nxg4 29. c5 Nxf2 30. Qxf2 Qa1+ 31. Kh2 h3 32. Kxh3 Qc3+ 33. Qg3
Qd2 34. Qxe5 Qe3+ 35. Qg3 Qh6+ 36. Kg4 Ra8 37. Qf4 1-0

[Event "Copa Latina 2015"]
[Site "Vicente Lopez ARG"]
[Date "2015.03.25"]
[Round "9.10"]
[White "Obregon, Andres Carlos"]
[Black "Perez Gormaz, Matias"]
[Result "1-0"]
[WhiteElo "2531"]
[BlackElo "2349"]
[PlyCount "133"]
[EventDate "2015.03.19"]
[EventType "swiss"]
[EventRounds "9"]
[EventCountry "ARG"]
[Source "lmi"]
[SourceDate "2015.03.19"]

1. Nf3 Nf6 2. c4 e6 3. d4 b6 4. a3 Bb7 5. Nc3 d5 6. cxd5 exd5 7. Bg5 Be7 8.
Qa4+ c6 9. e3 O-O 10. Bxf6 Bxf6 11. Bd3 Re8 12. O-O Nd7 13. Rfd1 a6 14. e4 c5
15. exd5 cxd4 16. Ne4 Nc5 17. Nxf6+ Qxf6 18. Qxd4 Qxd4 19. Nxd4 Rad8 20. Bc2
Bxd5 21. f3 g6 22. Rd2 Rd7 23. b4 Ne6 24. Ba4 b5 25. Nxb5 Bb3 26. Rxd7 Bxa4 27.
Rxf7 axb5 28. Rd7 Bb3 29. Re1 Ra8 30. Re5 Bc4 31. Re3 h5 32. Kf2 Rf8 33. Rc3
Ra8 34. Kg3 Ra6 35. Re3 Kf8 36. Kf2 Kg8 37. h4 Ra8 38. g4 hxg4 39. fxg4 Rf8+
40. Rf3 Re8 41. Kg3 Nf8 42. Rc7 Ne6 43. Rd7 Nf8 44. Rd4 Ne6 45. Rd6 Kg7 46.
Rd7+ Kg8 47. Re3 Rf8 48. Rd6 Nf4 49. Rf3 Ne6 50. Rxf8+ Kxf8 51. Ra6 Bb3 52. Rb6
Bc4 53. Rb7 Nd8 54. Ra7 Nc6 55. Ra6 Ne7 56. a4 bxa4 57. Rxa4 Nc6 58. Ra8+ Kf7
59. Rc8 Bb5 60. Rc7+ Kf6 61. Rb7 Nd4 62. Rb6+ Kf7 63. Kf4 Bd7 64. Rd6 Ne6+ 65.
Ke5 Ke7 66. b5 Nd8 67. Rxd7+ 1-0